000 01025nam a2200241 a 4500
005 20231128063848.0
008 190603s2013 mx r 000 0 spa d
020 _a9786078279241
035 _aUPN01000230900
050 4 _aLC5153 M6.3
_bA3.3 2013
100 1 _aAguilar López, Nicéforo
_943002
245 1 0 _aGuía-cuaderno de exploración del medio sociocultural :
_btercer ciclo : educación primaria indígena y de la población migrante /
_cNicéforo Aguilar López, Rodolfo Javier Flores Gómez, Javier Huerta Sánchez.
260 _aMéxico :
_bSEP, Comisión Nacional de Libros de Texto Gratuitos,
_c2013.
300 _a220 p. :
_bil. col.
500 _aTexto bilingüe/plurilingüe
650 4 _aHijos de trabajadores migrantes
_xEducación
_zMéxico
_922553
650 4 _aIndígenas de México
_xEducación
_910
650 4 _aEducación multicultural
_zMéxico
_911951
700 1 _aFlores Gómez, Rodolfo Javier,
_ecoaut.
700 1 _aHuerta Sánchez, Javier,
_ecoaut.
905 _aLibro
999 _c202995
_d202995